000 00933nam a2200265 i 4500
001 189878
003 SpMaBN
005 20250811063208.0
008 191217s1988 sp ai |||| |dspa d
020 _a84-85918-31-2
080 _a929.52 Lara
100 1 _aSalazar y Castro, Luis de,
_d1658-1734
_9101831
245 1 0 _aHistoria genealógica de la Casa de Lara /
_cpor Luis de Salazar y Castro.
260 _a[Bilbao] :
_bWilsen,
_c1988.
300 _a3 v. :
_bil. ;
_c34 cm.
490 1 _aGenealogía y heráldica
505 8 _aContiene: t. III-IV y t. VI
534 _pReprod. facs. de la ed. de:
_cEn Madrid : en la Imprenta Real, por Mateo de Llanos y Guzmán, 1696.
600 3 7 _aLara (Familia)-
_xGenealogía.
_9169131
655 7 _2tgfbne
_9226495
_aFacsímiles
830 0 _aGenealogía y heráldica
_9187955
852 _aES-MaACL
_jL-32457-59
_z- Enc. cart.
942 _2udc
999 _c189878
_d189878